000 01905nam0a2200301 4500
001 RU\NLR\bibl\1525413
005 20260407232405.0
035 _a(NLR Aleph) 001516761
090 _a114908
_c114908
100 _a20100621d2005 |||y0rusy50 ca
101 0 _arus
102 _aRU
105 _ay |||||||||
200 1 _aСамотлорские ночи
_e30-летию фестиваля посвящается...
_eрекомендательный библиографический указатель
_fУпр. культуры администрации города, Муницип. учреждение "Библ.-информ. система"
_g[сост.: ванюжина В.С. и др.
_gред.: Распопова С.Ю.]
210 _aНижневартовск
_c[б. и.]
_d2005
215 _a52 с.
_d21
601 0 2 _a"Самотлорские ночи", фестиваль искусств
_cНижневартовск, город; Ханты-Мансийский автономный округ-Югра
_jБиблиография рекомендательная
_92600881
_3RU\NLR\auth\661537439
686 _aЩ03(2)7м
702 1 _aВанюжина
_bВ. С.
_4220
702 1 _aРаспопова
_bС. Ю.
_4340
711 0 2 _a"Самотлорские ночи", фестиваль искусств
_cНижневартовск
_3RU\NLR\AUTH\8810158226
_9811868
712 0 2 _4570
_a"Библиотечно-информационная система", нижневартовское муниципальное учреждение
_3RU\NLR\AUTH\8810035489
_9569330
801 0 _aRU
_bNLR
_c20100621
_gRCR
801 1 _aRU
_bNLR
_c20100621
830 _aсост., ред. в кат. нет
942 _cBOOK
980 _aNB